Top 20 Busiest Airports in North America - Statistics

General Stats
  • This quiz has been taken 96 times
  • The average score is 17 of 20
Answer Stats
Hint Answer % Correct
USA John F. Kennedy International Airport
99%
USA Hartsfield–Jackson Atlanta International Airport
95%
USA O'Hare International Airport
95%
Canada Toronto Pearson International Airport
95%
USA Los Angeles International Airport
94%
USA Miami International Airport
94%
USA Dallas/Fort Worth International Airport
93%
USA San Francisco International Airport
91%
USA George Bush Intercontinental Airport
90%
Mexico Mexico City International Airport
89%
USA Seattle–Tacoma International Airport
85%
USA Denver International Airport
84%
USA Logan International Airport
84%
USA McCarran International Airport
83%
USA Phoenix Sky Harbor International Airport
83%
USA Orlando International Airport
80%
USA Detroit Metropolitan Airport
72%
USA Charlotte Douglas International Airport
67%
USA Newark Liberty International Airport
66%
USA Minneapolis–Saint Paul International Airport
55%
No matching quizzes found
Score Distribution
Percent of People with Each Score
Percentile by Number Answered
Your Score History
You have not taken this quiz